Strategic alliance and partnership in the Nigerian energy and mineral sector: the proceedings of the 6th International Energy Forum, held in Lagos, Nigeria, between 12th and 14th May, 1998 (Record no. 35026)
[ view plain ]
| 000 -LEADER | |
|---|---|
| fixed length control field | 00867nam a2200181Ia 4500 |
| 020 ## - INTERNATIONAL STANDARD BOOK NUMBER | |
| ISBN | 9783260456 |
| 050 ## - CALL MARK | |
| Classification number | HD 9502.N552 .S77/ |
| 100 ## - STATEMENT OF RESPONSIBILITY--MAIN AUTHOR NAME | |
| Personal name | Edited by Oladiran Fawibe |
| 245 #0 - TITLE STATEMENT | |
| Title | Strategic alliance and partnership in the Nigerian energy and mineral sector: the proceedings of the 6th International Energy Forum, held in Lagos, Nigeria, between 12th and 14th May, 1998 |
| 260 ## - PUBLICATION, DISTRIBUTION, ETC. (IMPRINT) | |
| Place of publication | Lagos |
| 260 ## - PUBLICATION, DISTRIBUTION, ETC. (IMPRINT) | |
| Name of publisher | Wordsmithes Printing & Packaging Limited |
| 260 ## - PUBLICATION, DISTRIBUTION, ETC. (IMPRINT) | |
| Year of publication | 1999 |
| 300 ## - PHYSICAL DESCRIPTION | |
| Number of Pages | 397 p |
| 650 ## - SUBJECT ADDED ENTRY--TOPICAL TERM | |
| Topical Term | Energy industries--Nigeria--Congresses. Petroleum industry and trade--Nigeria--Congresses. Gas industry--Nigeria--Congresses. Mineral industries--Nigeria--Congresses. Strategic alliances (Business)--Nigeria--Congresses. Investments, Foreign--Nigeria--Congresses. |
| 942 ## - ADDED ENTRY ELEMENTS (KOHA) | |
| Koha item type | Books |
| Withdrawn status | Lost status | Source of classification or shelving scheme | Damaged status | Not for loan | Permanent Location | Current Location | Date acquired | Accession Number | Price effective from | Koha item type |
|---|---|---|---|---|---|---|---|---|---|---|
| Library of Congress Classification | NILE UNIVERSITY OF NIGERIA - MAIN LIBRARY | NILE UNIVERSITY OF NIGERIA - MAIN LIBRARY | 04/23/2025 | 0194580 | 04/23/2025 | Books |